[Event "8th Philadelphia Open"]
[Site "Philadelphia"]
[Date "2014.04.16"]
[Round "1"]
[White "Tang, Andrew"]
[Black "Panchanathan, Magesh"]
[Result "0-1"]
[WhiteElo "2229"]
[BlackElo "2557"]
[PlyCount "127"]
[EventDate "2014.04.??"]
[EventType "swiss"]
[EventRounds "9"]
[EventCountry "USA"]
[Source "MonRoi"]

1. d4 Nf6 2. c4 e6 3. Nc3 Bb4 4. Qc2 O-O 5. a3 Bxc3+ 6. Qxc3 b6 7. Bg5 Bb7 8.
e3 d6 9. Nf3 Nbd7 10. Nd2 c5 11. dxc5 bxc5 12. Bd3 Qb6 13. O-O a5 14. b3 Bc6
15. Bc2 Rfb8 16. Rab1 Qc7 17. Rfd1 Ne8 18. Nf1 Nf8 19. Bf4 a4 20. b4 cxb4 21.
axb4 e5 22. Bg3 a3 23. f3 Ba4 24. Rdc1 Bxc2 25. Rxc2 Ra4 26. Ra2 Ne6 27. Nd2
Qb6 28. Rxa3 Rxb4 29. Rab3 Rxb3 30. Rxb3 Qc7 31. Rxb8 Qxb8 32. Nb3 f6 33. e4
Qa7+ 34. Bf2 Qa2 35. Be3 Qb1+ 36. Kf2 N8c7 37. Nd2 Qa2 38. Qb3 Qxb3 39. Nxb3
Kf7 40. Ke2 g6 41. Kd3 f5 42. exf5 gxf5 43. g4 Kf6 44. Nd2 Na6 45. gxf5 Nac5+
46. Bxc5 Nxc5+ 47. Ke3 Kxf5 48. Nf1 Na4 49. Ng3+ Ke6 50. Ne4 h6 51. f4 Nb2 52.
f5+ Kd7 53. c5 d5 54. Nf6+ Kc6 55. Ng4 Nc4+ 56. Kd3 Kxc5 57. f6 e4+ 58. Kc2 Kd6
59. Nxh6 Ne5 60. Kc3 Ke6 61. h4 Kxf6 62. h5 e3 63. Ng8+ Kf7 64. Nh6+ 0-1

[Event "8th Philadelphia Open"]
[Site "Philadelphia"]
[Date "2014.04.16"]
[Round "1"]
[White "Plotkin, Victor"]
[Black "Chirila, Ioan"]
[Result "0-1"]
[WhiteElo "2218"]
[BlackElo "2520"]
[PlyCount "144"]
[EventDate "2014.04.??"]
[EventType "swiss"]
[EventRounds "9"]
[EventCountry "USA"]
[Source "MonRoi"]

1. e4 e5 2. Nf3 Nc6 3. Bc4 Nf6 4. d3 Bc5 5. O-O d6 6. c3 a6 7. Bb3 Ba7 8. Be3
O-O 9. Nbd2 Ne7 10. Re1 Bxe3 11. fxe3 Ng6 12. Nf1 d5 13. exd5 Nxd5 14. Ng3 h6
15. d4 Nb6 16. Qd3 Qd6 17. Rad1 Be6 18. dxe5 Qxd3 19. Rxd3 Rae8 20. Bxe6 Rxe6
21. b3 Nxe5 22. Nxe5 Rxe5 23. Red1 Rfe8 24. e4 h5 25. h4 g6 26. Rd8 Kf8 27. Kf2
Nc8 28. Kf3 Nd6 29. Rxe8+ Kxe8 30. c4 f6 31. Rd5 Re7 32. Kf4 Nf7 33. Ne2 Ne5
34. Nc3 Ng4 35. Na4 b6 36. Nc3 Ne5 37. Rd2 c6 38. Rd6 Rf7 39. Na4 Ke7 40. Rd2
Nd7 41. b4 Rf8 42. c5 b5 43. Nc3 a5 44. a3 Ra8 45. Na2 Ne5 46. Rd6 Kf7 47. Kg3
axb4 48. Nxb4 Rxa3+ 49. Kf2 Rc3 50. Nxc6 Rc2+ 51. Kg3 Rxc5 52. Nxe5+ Rxe5 53.
Rb6 Ke7 54. Kf4 Rc5 55. Rb7+ Ke6 56. Rb6+ Ke7 57. Rb7+ Kd8 58. Rb6 g5+ 59. hxg5
fxg5+ 60. Ke3 Kc7 61. Rf6 b4 62. Kd4 Rc2 63. g3 b3 64. Rf1 b2 65. Rb1 Rg2 66.
e5 Kd7 67. Ke4 Ke6 68. Kf3 Rc2 69. Ke4 h4 70. gxh4 gxh4 71. Kd3 Rg2 72. Kc3 h3
0-1

[Event "8th Philadelphia Open"]
[Site "Philadelphia"]
[Date "2014.04.16"]
[Round "1"]
[White "Friedel, Joshua"]
[Black "Yuvarajan, Prathiba"]
[Result "1/2-1/2"]
[WhiteElo "2500"]
[BlackElo "2191"]
[PlyCount "97"]
[EventDate "2014.04.??"]
[EventType "swiss"]
[EventRounds "9"]
[EventCountry "USA"]
[Source "MonRoi"]

1. Nf3 d5 2. g3 c5 3. Bg2 Nf6 4. O-O g6 5. d4 cxd4 6. Nxd4 Bg7 7. c4 O-O 8.
cxd5 Nxd5 9. Nc3 Nxc3 10. bxc3 Qc7 11. Qb3 Nc6 12. Rd1 Rd8 13. Bf4 e5 14. Nb5
Qe7 15. Rxd8+ Nxd8 16. Be3 a6 17. Na7 Be6 18. Bd5 b5 19. Bxe6 Nxe6 20. a4 Rxa7
21. Bxa7 Qxa7 22. axb5 Qb7 23. Rxa6 Nc5 24. Qa2 Qxb5 25. Ra7 Ne6 26. Qa4 Qxa4
27. Rxa4 Bf8 28. Kg2 Bc5 29. f4 exf4 30. gxf4 f5 31. Kf3 Kf7 32. e4 Bg1 33.
exf5 gxf5 34. h3 Kf6 35. Ra8 Bh2 36. Ra6 h6 37. c4 Ke7 38. Ra7+ Kf6 39. Ra6 Bg1
40. Ra8 Bh2 41. Ra6 Bg1 42. Ra8 Bc5 43. Ra6 Ke7 44. Ra5 Kd7 45. Ra6 Bd6 46. Ra5
Nxf4 47. Rxf5 Nxh3 48. Kg4 Nf4 49. Rxf4 1/2-1/2

[Event "8th Philadelphia Open"]
[Site "Philadelphia"]
[Date "2014.04.16"]
[Round "1"]
[White "Melekhina, Alisa"]
[Black "Troff, Kayden"]
[Result "0-1"]
[WhiteElo "2152"]
[BlackElo "2477"]
[PlyCount "52"]
[EventDate "2014.04.??"]
[EventType "swiss"]
[EventRounds "9"]
[EventCountry "USA"]
[Source "MonRoi"]

1. e4 c5 2. c3 d5 3. exd5 Qxd5 4. d4 Nf6 5. dxc5 Qxd1+ 6. Kxd1 e5 7. b4 a5 8.
Nf3 Bg4 9. Kc2 Nfd7 10. Bb5 Nc6 11. Bxc6 bxc6 12. Nxe5 Bf5+ 13. Kb2 Nxc5 14.
Nxc6 Nd3+ 15. Kb3 axb4 16. Nxb4 Be7 17. Be3 O-O 18. Nd2 Nxb4 19. cxb4 Rfd8 20.
Rac1 Be6+ 21. Nc4 Rd3+ 22. Kb2 Bf6+ 23. Kb1 Bf5 24. Rc2 Rc3 25. Rhc1 Rb3+ 26.
Nb2 Rxb2+ 0-1

[Event "8th Philadelphia Open"]
[Site "Philadelphia"]
[Date "2014.04.16"]
[Round "1"]
[White "Balakrishnan, Praveen"]
[Black "Ostrovskiy, Aleksandr"]
[Result "1/2-1/2"]
[WhiteElo "2138"]
[BlackElo "2442"]
[PlyCount "75"]
[EventDate "2014.04.??"]
[EventType "swiss"]
[EventRounds "9"]
[EventCountry "USA"]
[Source "MonRoi"]

1. e4 c6 2. d4 d5 3. exd5 cxd5 4. c4 Nf6 5. Nc3 g6 6. Qb3 Bg7 7. cxd5 O-O 8.
Be2 Nbd7 9. Bf3 Nb6 10. Nge2 Bg4 11. Bxg4 Nxg4 12. a4 a5 13. Bg5 Nf6 14. Bxf6
Bxf6 15. Qb5 Bg7 16. Ra3 Nc8 17. Ne4 Nd6 18. Nxd6 Qxd6 19. O-O Rfd8 20. Re3 Bf6
21. Qxb7 Rab8 22. Qa7 Ra8 23. Qb7 Rab8 24. Qa7 Qxd5 25. b3 Rb7 26. Qc5 Qxc5 27.
dxc5 Rc7 28. Nc3 Bd4 29. Rd1 Rxc5 30. Nb5 e5 31. Red3 Rc2 32. Nxd4 exd4 33. g3
Rb8 34. Rxd4 Rxb3 35. Rd5 Rbb2 36. Rf1 Ra2 37. Rxa5 Rc4 38. Re1 1/2-1/2

[Event "8th Philadelphia Open"]
[Site "Philadelphia"]
[Date "2014.04.16"]
[Round "1"]
[White "Mujumdar, Sameer"]
[Black "Esserman, Marc"]
[Result "1/2-1/2"]
[WhiteElo "2111"]
[BlackElo "2431"]
[PlyCount "115"]
[EventDate "2014.04.??"]
[EventType "swiss"]
[EventRounds "9"]
[EventCountry "USA"]
[Source "MonRoi"]

1. c4 f5 2. Nc3 Nf6 3. g3 g6 4. Bg2 Bg7 5. d4 O-O 6. Nf3 d6 7. O-O Nc6 8. b3 e5
9. dxe5 dxe5 10. Ba3 Re8 11. Qxd8 Rxd8 12. Rad1 Bd7 13. Nb5 Rac8 14. Bb2 a6 15.
Na3 Re8 16. Nc2 Rcd8 17. Nd2 e4 18. Nb1 Ne5 19. Nc3 Nf7 20. Rd2 Bh6 21. e3 Ne5
22. Rfd1 Nd3 23. Ba1 Bg7 24. Bf1 Ne5 25. Be2 Rc8 26. Kg2 Re7 27. Nb4 Be6 28.
Nbd5 Nxd5 29. Nxd5 Bxd5 30. Rxd5 Nf7 31. Bxg7 Kxg7 32. c5 Ne5 33. b4 Kf6 34. a3
h6 35. Kf1 h5 36. h3 h4 37. Rd8 Rxd8 38. Rxd8 hxg3 39. fxg3 c6 40. Kf2 Rd7 41.
Rxd7 Nxd7 42. g4 a5 43. h4 g5 44. Kg3 axb4 45. axb4 gxh4+ 46. Kxh4 Ne5 47. g5+
Kg7 48. b5 Nd3 49. bxc6 bxc6 50. Bh5 Nxc5 51. Be8 Ne6 52. Bxc6 f4 53. exf4 e3
54. Bf3 Nxf4 55. Kg3 Ne6 56. Be2 Nxg5 57. Kf4 Kf8 58. Kxg5 1/2-1/2

[Event "8th Philadelphia Open"]
[Site "Philadelphia"]
[Date "2014.04.16"]
[Round "1"]
[White "Mulyar, Michael"]
[Black "Li, Ethan"]
[Result "1-0"]
[WhiteElo "2430"]
[BlackElo "2104"]
[PlyCount "113"]
[EventDate "2014.04.??"]
[EventType "swiss"]
[EventRounds "9"]
[EventCountry "USA"]
[Source "MonRoi"]

1. d4 Nf6 2. Nf3 d5 3. c4 e6 4. g3 Bb4+ 5. Bd2 a5 6. Qc2 Nc6 7. a3 Bxd2+ 8.
Nbxd2 O-O 9. Bg2 Re8 10. O-O dxc4 11. Qxc4 e5 12. Ng5 Qd7 13. d5 Nd4 14. e3 Nf5
15. Rac1 Re7 16. Nde4 Nxe4 17. Nxe4 Nd6 18. Qc5 Nxe4 19. Bxe4 Qd6 20. Rc3 f5
21. Bg2 e4 22. Rfc1 Bd7 23. Qxc7 Qxd5 24. Bf1 Kh8 25. Rc5 Qb3 26. Rxa5 Rae8 27.
Qc3 Qf7 28. Rc5 Bc6 29. b4 Bd5 30. Bc4 Rd7 31. Bxd5 Rxd5 32. Rxd5 Qxd5 33. Qc8
Rd8 34. Qc5 Qd2 35. Qc3 Qe2 36. Qc8 Qd2 37. Qc3 Qe2 38. Qc8 Qd2 39. Qc2 Qd5 40.
Qc4 Qd2 41. Qc2 Qd5 42. a4 h6 43. h4 Rd7 44. a5 Rd8 45. Kh2 Qd7 46. Kg2 Qd5 47.
Kg1 Qd7 48. Qb2 Qd6 49. b5 Ra8 50. Qc3 Qd5 51. Qb4 Kh7 52. Qc5 Qd7 53. b6 Re8
54. Qd4 Qe6 55. h5 Re7 56. Rc7 Rf7 57. Qc4 1-0

[Event "8th Philadelphia Open"]
[Site "Philadelphia"]
[Date "2014.04.16"]
[Round "1"]
[White "Elezi, Luan"]
[Black "Homa, Seth"]
[Result "0-1"]
[WhiteElo "2058"]
[BlackElo "2343"]
[PlyCount "78"]
[EventDate "2014.04.??"]
[EventType "swiss"]
[EventRounds "9"]
[EventCountry "USA"]
[Source "MonRoi"]

1. d4 Nf6 2. c4 e6 3. Nc3 Bb4 4. Qc2 d5 5. Bg5 h6 6. Bxf6 Qxf6 7. e3 O-O 8. a3
Bxc3+ 9. Qxc3 Nc6 10. f4 Ne7 11. Nf3 b6 12. c5 Nf5 13. Kf2 a5 14. Bd3 Ba6 15.
b4 Bxd3 16. Qxd3 axb4 17. axb4 bxc5 18. bxc5 Rfb8 19. Qc2 Qd8 20. Rhb1 h5 21.
g3 Qe8 22. h3 Rxa1 23. Rxa1 Qb5 24. Ng5 Qb2 25. Qxb2 Rxb2+ 26. Kf3 Rb8 27. g4
hxg4+ 28. hxg4 Ne7 29. Ra7 Rc8 30. Ra6 Kf8 31. Nh3 Ke8 32. Nf2 Kd7 33. Nd3 f6
34. c6+ Kd6 35. Nc5 e5 36. Nb7+ Ke6 37. f5+ Kf7 38. Nc5 g6 39. fxg6+ Nxg6 0-1

[Event "8th Philadelphia Open"]
[Site "Philadelphia"]
[Date "2014.04.16"]
[Round "1"]
[White "Shetty, Atulya"]
[Black "Helfst, Matt"]
[Result "1-0"]
[WhiteElo "2313"]
[BlackElo "1957"]
[PlyCount "69"]
[EventDate "2014.04.??"]
[EventType "swiss"]
[EventRounds "9"]
[EventCountry "USA"]
[Source "MonRoi"]

1. c4 e6 2. Nf3 d5 3. b3 c5 4. g3 Nc6 5. e3 Nf6 6. Bg2 Be7 7. O-O O-O 8. Bb2 b6
9. Nc3 Bb7 10. cxd5 exd5 11. d4 Ne4 12. dxc5 Nxc3 13. Bxc3 bxc5 14. Qd2 Qd6 15.
Qb2 Qg6 16. Rfd1 Rad8 17. Rac1 Bc8 18. Rd2 Be6 19. Rcd1 Rd7 20. Ne5 Nxe5 21.
Bxe5 Rfd8 22. h3 f6 23. Bc3 Qf7 24. Qc2 Rc8 25. Kh2 Bd8 26. Qb1 Bb6 27. Qa1
Rdd8 28. Qb2 Rd7 29. Qa3 Rcd8 30. b4 cxb4 31. Qxb4 d4 32. Bxd4 Bxd4 33. Rxd4
Bxa2 34. Rxd7 Rxd7 35. Qb8+ 1-0

[Event "8th Philadelphia Open"]
[Site "Philadelphia"]
[Date "2014.04.17"]
[Round "2.4"]
[White "Chirila, Ioan"]
[Black "Shetty, Atulya"]
[Result "1/2-1/2"]
[WhiteElo "2520"]
[BlackElo "2313"]
[PlyCount "81"]
[EventDate "2014.04.??"]
[EventType "swiss"]
[EventRounds "9"]
[EventCountry "USA"]
[Source "MonRoi"]
[WhiteClock "0:00:13"]
[BlackClock "0:00:14"]

1. Nf3 d5 2. c4 c6 3. e3 Nf6 4. Qc2 g6 5. b3 Bg7 6. Bb2 O-O 7. Be2 Re8 8. O-O
Bg4 9. d3 Nfd7 10. Bxg7 Kxg7 11. Nc3 e6 12. b4 Qf6 13. Rab1 a6 14. a4 Ne5 15.
Nd4 Bxe2 16. Qxe2 Ned7 17. Rfc1 Nf8 18. b5 axb5 19. cxb5 Rc8 20. Qd2 Nbd7 21.
a5 cxb5 22. Rxb5 Qd8 23. Nce2 Rxc1+ 24. Nxc1 Qc7 25. h3 Kg8 26. Ncb3 b6 27.
axb6 Nxb6 28. Qb4 Ra4 29. Qc5 Qxc5 30. Nxc5 Ra1+ 31. Kh2 Nbd7 32. Nb7 Ra3 33.
Nb3 Kg7 34. Nd6 Ra6 35. Ne8+ Kg8 36. d4 Ra8 37. Nd6 Ra6 38. Nc8 Kg7 39. Nc5 Rc6
40. Ne7 Rc7 41. Rb7 1/2-1/2

[Event "8th Philadelphia Open"]
[Site "Philadelphia"]
[Date "2014.04.17"]
[Round "2"]
[White "Panchanathan, Magesh"]
[Black "Shen, Arthur"]
[Result "1-0"]
[WhiteElo "2557"]
[BlackElo "2353"]
[PlyCount "83"]
[EventDate "2014.04.??"]
[EventType "swiss"]
[EventRounds "9"]
[EventCountry "USA"]
[Source "MonRoi"]

1. e4 c5 2. Nf3 d6 3. d4 cxd4 4. Nxd4 Nf6 5. Nc3 a6 6. Be2 e6 7. O-O Nbd7 8. a4
b6 9. f4 Bb7 10. Bf3 Qc7 11. Kh1 Be7 12. Qe2 O-O 13. Be3 Rac8 14. Bg1 Rfe8 15.
e5 Bxf3 16. Nxf3 Nd5 17. Nxd5 exd5 18. e6 Bf8 19. exf7+ Kxf7 20. Qxa6 Qxc2 21.
Rac1 Qxc1 22. Rxc1 Rxc1 23. Qb7 Ke7 24. Nd4 Rec8 25. Qxd5 Re1 26. Nf3 Ra1 27.
Qe4+ Kd8 28. h3 Be7 29. Kh2 Bf6 30. Bd4 Rd1 31. Qd5 Rcc1 32. Qxd6 Kc8 33. Qd5
h5 34. Qa8+ Kc7 35. Bxf6 gxf6 36. a5 bxa5 37. Qxa5+ Kc8 38. Qxh5 Rc2 39. b4 Rb1
40. Nd4 Rd2 41. Qe8+ Kc7 42. Nb5+ 1-0

[Event "8th Philadelphia Open"]
[Site "Philadelphia"]
[Date "2014.04.17"]
[Round "2"]
[White "Homa, Seth"]
[Black "Dobrov, Vladimir"]
[Result "0-1"]
[WhiteElo "2343"]
[BlackElo "2511"]
[PlyCount "88"]
[EventDate "2014.04.??"]
[EventType "swiss"]
[EventRounds "9"]
[EventCountry "USA"]
[Source "MonRoi"]

1. d4 Nf6 2. Nf3 d5 3. c4 e6 4. Nc3 c6 5. g3 Nbd7 6. Bg2 dxc4 7. O-O b5 8. e4
Bb7 9. e5 Nd5 10. Ng5 Nxc3 11. bxc3 Nb6 12. Qh5 Qd7 13. Nxh7 O-O-O 14. Nxf8
Rxh5 15. Nxd7 Rxd7 16. Bf3 Rh8 17. Ba3 Na4 18. Rac1 c5 19. Bd1 Nxc3 20. Rxc3
cxd4 21. Rc1 Kc7 22. f4 f5 23. Rf2 Kb6 24. Rb2 c3 25. Rf2 Rc8 26. Bb3 Bd5 27.
Bd1 a5 28. Bd6 b4 29. Rd2 Rxd6 30. exd6 Kc5 31. d7 Rd8 32. Ba4 Bc4 33. Rg2 d3
34. g4 d2 35. Ra1 Bb5 36. Bc2 Rxd7 37. gxf5 exf5 38. Kf2 Re7 39. Rg3 Kd4 40. h4
Re2+ 41. Kf3 Re3+ 42. Kf2 Rxg3 43. Kxg3 Bd3 44. Bxd3 Kxd3 0-1

[Event "8th Philadelphia Open"]
[Site "Philadelphia"]
[Date "2014.04.17"]
[Round "2"]
[White "Troff, Kayden"]
[Black "Song, Michael"]
[Result "1-0"]
[WhiteElo "2477"]
[BlackElo "2268"]
[PlyCount "49"]
[EventDate "2014.04.??"]
[EventType "swiss"]
[EventRounds "9"]
[EventCountry "USA"]
[Source "MonRoi"]

1. d4 Nf6 2. c4 g6 3. Nc3 Bg7 4. e4 d6 5. Nf3 O-O 6. Be2 e5 7. O-O Nc6 8. d5
Ne7 9. b4 Nh5 10. g3 f5 11. Ng5 Nf6 12. Bf3 f4 13. c5 Bh6 14. Ne6 Bxe6 15. dxe6
Kh8 16. gxf4 Nc6 17. fxe5 Bxc1 18. exf6 Bb2 19. e7 Nxe7 20. fxe7 Qxe7 21. Nd5
Qh4 22. Bg2 c6 23. Rb1 Be5 24. f4 Bg7 25. Nc7 1-0

[Event "8th Philadelphia Open"]
[Site "Philadelphia"]
[Date "2014.04.17"]
[Round "2"]
[White "Betaneli, Aleksandr"]
[Black "Mulyar, Michael"]
[Result "1/2-1/2"]
[WhiteElo "2249"]
[BlackElo "2430"]
[PlyCount "52"]
[EventDate "2014.04.??"]
[EventType "swiss"]
[EventRounds "9"]
[EventCountry "USA"]
[Source "MonRoi"]

1. c4 e5 2. g3 Nc6 3. Nc3 g6 4. Bg2 Bg7 5. e4 Nge7 6. Nge2 O-O 7. d3 d6 8. O-O
Be6 9. Nd5 f5 10. Be3 Qd7 11. Qd2 Rf7 12. f3 Raf8 13. Rae1 Nc8 14. exf5 Bxf5
15. b3 Bh3 16. d4 Bxg2 17. Kxg2 Nb6 18. Nxb6 axb6 19. d5 Ne7 20. Nc3 Nf5 21. a4
h6 22. Ne4 g5 23. Qd3 Kh8 24. Rf2 Kg8 25. Rff1 Kh8 26. Rf2 Kg8 1/2-1/2

[Event "8th Philadelphia Open"]
[Site "Philadelphia"]
[Date "2014.04.17"]
[Round "2"]
[White "Song, Edward"]
[Black "Harmon Vellotti, Luke"]
[Result "0-1"]
[WhiteElo "2239"]
[BlackElo "2399"]
[PlyCount "90"]
[EventDate "2014.04.??"]
[EventType "swiss"]
[EventRounds "9"]
[EventCountry "USA"]
[Source "MonRoi"]

1. e4 c6 2. d4 d5 3. e5 c5 4. dxc5 e6 5. Be3 Nh6 6. c3 Nf5 7. Bd4 Bd7 8. Nf3
Nc6 9. Bb5 Nxe5 10. Nxe5 Bxb5 11. a4 Bd7 12. b4 Be7 13. O-O O-O 14. f4 f6 15.
Nxd7 Qxd7 16. Nd2 b6 17. Nb3 Rfc8 18. Qe2 bxc5 19. Bxc5 Nd6 20. Nd2 f5 21. Rad1
Ne8 22. Bd4 Bf6 23. Nb3 Bxd4+ 24. cxd4 Rc4 25. Nc5 Qd6 26. b5 Nc7 27. Rfe1 Re8
28. Qd2 h6 29. Rb1 Rb8 30. g3 Kf7 31. Kg2 a6 32. bxa6 Rxb1 33. Rxb1 Nxa6 34.
Rb7+ Kg8 35. Rd7 Qc6 36. Rd8+ Kh7 37. Nxa6 Rc2 38. Qxc2 Qxc2+ 39. Kh3 Qxa4 40.
Nc5 Qd1 41. Nd7 g5 42. Kg2 Qe2+ 43. Kg1 Qe1+ 44. Kg2 Qe4+ 45. Kh3 Qe2 0-1

[Event "8th Philadelphia Open"]
[Site "Philadelphia"]
[Date "2014.04.17"]
[Round "2"]
[White "Sharma, Arun"]
[Black "Yanayt, Eugene"]
[Result "1/2-1/2"]
[WhiteElo "2398"]
[BlackElo "2237"]
[PlyCount "81"]
[EventDate "2014.04.??"]
[EventType "swiss"]
[EventRounds "9"]
[EventCountry "USA"]
[Source "MonRoi"]

1. d4 Nf6 2. c4 g6 3. Nc3 Bg7 4. e4 d6 5. f3 O-O 6. Be3 Nc6 7. Nge2 a6 8. Qd2
Rb8 9. Nc1 e5 10. d5 Nd4 11. N1e2 c5 12. dxc6 bxc6 13. Nxd4 exd4 14. Bxd4 Re8
15. Be2 d5 16. cxd5 cxd5 17. e5 Nd7 18. f4 f6 19. exf6 Nxf6 20. O-O-O Ne4 21.
Nxe4 Rxe4 22. Bxg7 Kxg7 23. Kb1 Qf6 24. Bd3 Reb4 25. b3 a5 26. Rc1 Bf5 27. Rc7+
Kg8 28. Bxf5 Qxf5+ 29. Qc2 Qxc2+ 30. Kxc2 Rxf4 31. Rd1 a4 32. Rc3 axb3+ 33.
axb3 Rb5 34. g3 Re4 35. Rcd3 Re5 36. Rd4 Kf7 37. b4 Ke6 38. Kb3 Rb7 39. Ka4
Ra7+ 40. Kb3 Rb7 41. Ka4 1/2-1/2

[Event "8th Philadelphia Open"]
[Site "Philadelphia"]
[Date "2014.04.17"]
[Round "2"]
[White "Checa, Nicolas"]
[Black "Abrahamyan, Tatev"]
[Result "1/2-1/2"]
[WhiteElo "2054"]
[BlackElo "2396"]
[PlyCount "90"]
[EventDate "2014.04.??"]
[EventType "swiss"]
[EventRounds "9"]
[EventCountry "USA"]
[Source "MonRoi"]

1. d4 Nf6 2. c4 e6 3. Nf3 c5 4. d5 d6 5. Nc3 exd5 6. cxd5 g6 7. Bf4 a6 8. a4
Bg7 9. h3 O-O 10. e3 Qe7 11. Nd2 Nbd7 12. Be2 Ne8 13. O-O Ne5 14. Bh2 f5 15.
Re1 Nf6 16. Kh1 Bd7 17. a5 Rae8 18. f4 Nf7 19. Bf3 Qd8 20. Qb3 Qc7 21. Nc4 Re7
22. Qb6 Qxb6 23. axb6 Rfe8 24. Ra5 h6 25. Rb1 Nh7 26. Bg1 Bxc3 27. bxc3 Bb5 28.
Nd2 Bd3 29. Re1 c4 30. Ra4 Nf6 31. Nxc4 Rc8 32. Nb2 Rxc3 33. Nxd3 Rxd3 34. Rc1
Rb3 35. Rc8+ Kh7 36. Rac4 Rxb6 37. R4c7 Rxc7 38. Rxc7 Kg8 39. e4 Rb4 40. exf5
gxf5 41. Be3 Kf8 42. Bd2 Rb1+ 43. Kh2 Ne8 44. Rd7 Nf6 45. Rc7 Ne8 1/2-1/2

[Event "8th Philadelphia Open"]
[Site "Philadelphia"]
[Date "2014.04.17"]
[Round "2"]
[White "Juac, Majur"]
[Black "Friedel, Joshua"]
[Result "0-1"]
[WhiteElo "2095"]
[BlackElo "2500"]
[PlyCount "48"]
[EventDate "2014.04.??"]
[EventType "swiss"]
[EventRounds "9"]
[EventCountry "USA"]
[Source "MonRoi"]

1. e4 e5 2. Nf3 Nc6 3. Bc4 Nf6 4. d4 exd4 5. e5 d5 6. Bb5 Ne4 7. Nxd4 Bd7 8.
Bxc6 bxc6 9. O-O Bc5 10. c3 O-O 11. Nd2 f5 12. exf6 Nxf6 13. N2b3 Bd6 14. h3
Qe8 15. Be3 Qg6 16. Kh1 Rae8 17. Nd2 Bg4 18. N4f3 Qh5 19. Kg1 Bxh3 20. gxh3
Qxh3 21. Re1 Ne4 22. Nxe4 Rxe4 23. Ng5 Qh2+ 24. Kf1 Rxe3 0-1

[Event "8th Philadelphia Open"]
[Site "Philadelphia"]
[Date "2014.04.17"]
[Round "2"]
[White "Paragua, Mark"]
[Black "Balakrishnan, Praveen"]
[Result "1-0"]
[WhiteElo "2495"]
[BlackElo "2138"]
[PlyCount "59"]
[EventDate "2014.04.??"]
[EventType "swiss"]
[EventRounds "9"]
[EventCountry "USA"]
[Source "MonRoi"]

1. d4 Nf6 2. Bg5 e6 3. e4 h6 4. Bxf6 Qxf6 5. c3 c5 6. Nf3 Nc6 7. Bb5 a6 8. Bxc6
bxc6 9. O-O cxd4 10. cxd4 c5 11. e5 Qd8 12. d5 d6 13. Nc3 dxe5 14. Nxe5 Bd6 15.
Qa4+ Bd7 16. Nxd7 Qxd7 17. dxe6 fxe6 18. Qc4 O-O 19. Rad1 Qe7 20. Rfe1 Rae8 21.
g3 Qf7 22. Ne4 Be5 23. Qxc5 Bxb2 24. Nd6 Qe7 25. Qc4 Qf6 26. Rd2 Re7 27. Ne4
Qe5 28. Qb4 Rb8 29. Qxe7 Bc3 30. Rd8+ 1-0

[Event "8th Philadelphia Open"]
[Site "Philadelphia"]
[Date "2014.04.17"]
[Round "2"]
[White "Ostrovskiy, Aleksandr"]
[Black "Mujumdar, Sameer"]
[Result "1-0"]
[WhiteElo "2442"]
[BlackElo "2111"]
[PlyCount "93"]
[EventDate "2014.04.??"]
[EventType "swiss"]
[EventRounds "9"]
[EventCountry "USA"]
[Source "MonRoi"]

1. e4 c5 2. Nf3 e6 3. d4 cxd4 4. Nxd4 a6 5. Bd3 Qc7 6. O-O Nf6 7. Qe2 d6 8. c4
Nc6 9. Nxc6 bxc6 10. f4 e5 11. f5 Be7 12. Nc3 O-O 13. Be3 a5 14. Rac1 Rb8 15.
b3 Re8 16. Rfd1 Bb7 17. Bb1 Ba8 18. Qf3 h6 19. Bf2 Nd7 20. h4 Rbd8 21. Rc2 Nc5
22. Rcd2 Bb7 23. Bc2 Bf6 24. a3 Qe7 25. g3 g6 26. b4 axb4 27. axb4 Na6 28. b5
Nc5 29. fxg6 Ne6 30. gxf7+ Kxf7 31. bxc6 Bxc6 32. Nd5 Bxd5 33. exd5 Ng7 34. Qe4
Rg8 35. Qg6+ Kf8 36. Be3 Qf7 37. Qxh6 Ke7 38. Bg6 Qf8 39. Rf1 Ne8 40. Qxf8+
Rxf8 41. Rdf2 Rg8 42. h5 Rc8 43. Kh2 Rxc4 44. Bxe8 Bh4 45. Bg6 Rc3 46. Rf7+ Kd8
47. Bb6+ 1-0

[Event "8th Philadelphia Open"]
[Site "Philadelphia"]
[Date "2014.04.17"]
[Round "2"]
[White "Patil, Anuprita"]
[Black "Gorman, Dov"]
[Result "1/2-1/2"]
[WhiteElo "2060"]
[BlackElo "2236"]
[PlyCount "129"]
[EventDate "2014.04.??"]
[EventType "swiss"]
[EventRounds "9"]
[EventCountry "USA"]
[Source "MonRoi"]

1. e4 c5 2. Nf3 e6 3. d4 cxd4 4. Nxd4 Nc6 5. Nc3 Qc7 6. Be3 Nf6 7. Bd3 a6 8.
O-O Nxd4 9. Bxd4 Bc5 10. Bxc5 Qxc5 11. Kh1 b5 12. a3 Bb7 13. f4 d6 14. Qe2 e5
15. Nd5 Nxd5 16. exd5 O-O 17. fxe5 dxe5 18. Qxe5 Rae8 19. Qg5 Qd4 20. Rf5 f6
21. Qd2 g6 22. c3 Qc5 23. Rf4 Qxd5 24. Rd4 Qh5 25. Re1 Qg5 26. Rxe8 Rxe8 27.
Bf1 Qf5 28. Kg1 Re7 29. c4 Bc6 30. cxb5 axb5 31. h3 Kg7 32. Qf2 Qe5 33. Rd2 Be4
34. Bd3 f5 35. Bxe4 fxe4 36. Qd4 Qxd4+ 37. Rxd4 Kf6 38. Kf2 Kf5 39. Ke3 Re5 40.
g4+ Kg5 41. Rxe4 Rc5 42. Kd4 Rc4+ 43. Kd3 Rc5 44. Re7 h6 45. Re6 Rc1 46. h4+
Kxg4 47. Rxg6+ Kh5 48. Rb6 Rh1 49. Rxb5+ Kxh4 50. a4 h5 51. a5 Kg4 52. b4 Ra1
53. Rb8 h4 54. Kc4 h3 55. Rh8 Kg3 56. Kb5 h2 57. a6 h1=Q 58. Rxh1 Rxh1 59. a7
Ra1 60. Kb6 Kf4 61. Kb7 Ke5 62. b5 Kd6 63. b6 Kc5 64. a8=Q Rxa8 65. Kxa8
1/2-1/2

[Event "8th Philadelphia Open"]
[Site "Philadelphia"]
[Date "2014.04.17"]
[Round "2"]
[White "Mandizha, Farai"]
[Black "Hernandez-Camen, Angel"]
[Result "0-1"]
[WhiteElo "2385"]
[BlackElo "2070"]
[PlyCount "47"]
[EventDate "2014.04.??"]
[EventType "swiss"]
[EventRounds "9"]
[EventCountry "USA"]
[Source "MonRoi"]

1. c4 e5 2. Nc3 Nc6 3. g3 Nf6 4. Bg2 Bc5 5. Nf3 O-O 6. O-O d6 7. d3 h6 8. Na4
Bb6 9. a3 Bd7 10. b4 Nd4 11. Nxb6 Nxf3+ 12. Bxf3 axb6 13. Bxb7 Rb8 14. Bg2 Qe8
15. Bb2 Bc6 16. e4 b5 17. Rc1 bxc4 18. Rxc4 Qd7 19. Qc1 Rb6 20. f4 Re8 21. Rf2
Ra8 22. fxe5 dxe5 23. Bxe5 Ng4 24. Bh3 0-1

[Event "8th Philadelphia Open"]
[Site "Philadelphia"]
[Date "2014.04.17"]
[Round "2"]
[White "Yuvarajan, Prathiba"]
[Black "Kekelidze, Mikheil"]
[Result "1/2-1/2"]
[WhiteElo "2191"]
[BlackElo "2486"]
[PlyCount "97"]
[EventDate "2014.04.??"]
[EventType "swiss"]
[EventRounds "9"]
[EventCountry "USA"]
[Source "MonRoi"]

1. e4 c5 2. Nf3 e6 3. d4 cxd4 4. Nxd4 a6 5. Bd3 Qb6 6. Nb3 Qc7 7. O-O Nf6 8.
Nc3 b5 9. a3 Bb7 10. Be3 d6 11. Qe2 Nbd7 12. f4 g6 13. Rad1 Be7 14. Bd4 O-O 15.
e5 Nd5 16. Nxd5 Bxd5 17. Nd2 Nc5 18. Ne4 Nxe4 19. Bxe4 Bxe4 20. Qxe4 d5 21. Qe2
a5 22. Rd3 Rfc8 23. c3 b4 24. axb4 axb4 25. f5 exf5 26. e6 Bd6 27. exf7+ Qxf7
28. cxb4 Rab8 29. Ra3 Re8 30. Qf2 Bxb4 31. Ra7 Re7 32. Ra6 Re4 33. Ra7 Rb7 34.
Ra8+ Re8 35. Rxe8+ Qxe8 36. Qh4 Qe7 37. Qf2 Qe4 38. Rc1 Re7 39. Bf6 Re6 40. Bg5
Bf8 41. Bd2 Bg7 42. Rc8+ Kf7 43. Rc7+ Re7 44. Rxe7+ Qxe7 45. b4 h5 46. Kf1 d4
47. Qe2 Be5 48. h3 Qe6 49. b5 1/2-1/2